000 00461nam a2200181 a 4500
001 1758431004751
003 ACL
005 20250921103456.0
008 250921s2002##################000#0#eng##
020 _a9781580420396
082 0 4 _a794.23
_bJEN
100 1 _aJensen, Marten,
_eauthor.
245 1 0 _aSecrets Of Winning Roulette, 2nd Edition :
260 _bCardoza,
_c2002.
650 0 _aGames & Activities.
942 _cENGLISH
040 _aACL
_beng
_cACL
999 _c588434
_d588434